| 000 | 00925nam a2200253 a 4500 | ||
|---|---|---|---|
| 001 | 000007351 | ||
| 003 | DO-SdBNP | ||
| 005 | 20250701112920.0 | ||
| 008 | 090908s2004 dr r 000 0 spa d | ||
| 040 |
_aDO-SdBNP _bspa _cBNPHU |
||
| 082 |
_a378 _bR696e |
||
| 100 | 1 |
_aRodríguez Castillo, Príamo, _d1942- _920444 |
|
| 245 | 1 | 3 |
_aLa educación superior en el tercer milenio / _cPríamo Rodríguez Castillo. |
| 260 |
_aSanto Domingo : _bUTESA, _c2004. |
||
| 300 |
_a677 p. ; _c23 cm. |
||
| 504 | _aBibliografía : p. 655-677 | ||
| 590 | _aInventariado, 2018/BT | ||
| 650 | 0 |
_aEducación superior _vEnsayos, conferencias, etc. _9736 _2LEMB |
|
| 650 | 0 |
_aEducación superior _xFines y objetivos _9736 _2LEMB |
|
| 650 | 7 |
_aEducación superior _zAmérica Latina _9736 _2LEMB |
|
| 710 | 1 |
_aUniversidad Tecnológica de Santiago (República Dominicana) _920448 |
|
| 910 | _aValidado. Control de calidad. MMOLINA | ||
| 942 |
_2ddc _cLBS1 |
||
| 999 |
_c7132 _d7132 |
||